ბათუმის შოთა რუსთაველის სახელმწიფო უნივერსიტეტის ბიბლიოთეკა

შრომები = Works = Труды. ტ. 3.ჭანურის გრამატიკული ანალიზი ტექსტებითურთ (ბიბ.ჩანაწერი № 51169)

000 -LEADER
fixed length control field 01491nam a2200301Ia 4500
001 - CONTROL NUMBER
control field 18128
003 - CONTROL NUMBER IDENTIFIER
control field GE_BSU
008 - FIXED-LENGTH DATA ELEMENTS--GENERAL INFORMATION
fixed length control field 181216s||||||||xx |||||||||||||| ||und||
020 ## - INTERNATIONAL STANDARD BOOK NUMBER
International Standard Book Number 978-9941-10-069-7
040 ## - CATALOGING SOURCE
Transcribing agency GE_BSU
080 ## - UNIVERSAL DECIMAL CLASSIFICATION NUMBER
Universal Decimal Classification number 811.353.31(036)
100 ## - MAIN ENTRY--PERSONAL NAME
Personal name ჩიქობავა, არნოლდ
245 ## - TITLE STATEMENT
Title შრომები = Works = Труды. ტ. 3.ჭანურის გრამატიკული ანალიზი ტექსტებითურთ
245 ## - TITLE STATEMENT
Remainder of title ჭანური ტექსტები
245 ## - TITLE STATEMENT
Statement of responsibility, etc. რედ. ვ. შენგელია
250 ## - EDITION STATEMENT
Edition statement არნოლდ ჩიქობავას სახ.ენათმეცნიერების ინ-ტი. ივანე ჯავახიშვილის სახ. თბილისის სახ-ფო უნ-ტი
260 ## - PUBLICATION, DISTRIBUTION, ETC.
Place of publication, distribution, etc. თბილისი
260 ## - PUBLICATION, DISTRIBUTION, ETC.
Name of publisher, distributor, etc. არნოლდ ჩიქობავას ენათმეცნიერების ინ-ტი
260 ## - PUBLICATION, DISTRIBUTION, ETC.
Date of publication, distribution, etc. 2008
300 ## - PHYSICAL DESCRIPTION
Extent 602გვ.25სმ. 1 ფოტო
520 ## - SUMMARY, ETC.
Summary, etc. პარალ სათ. ინგლ. და რუს .ენ.
653 ## - INDEX TERM--UNCONTROLLED
Uncontrolled term ქართველური ენები
653 ## - INDEX TERM--UNCONTROLLED
Uncontrolled term ჭანური (ლაზური) ენა
653 ## - INDEX TERM--UNCONTROLLED
Uncontrolled term ჭანური ტექსტები
653 ## - INDEX TERM--UNCONTROLLED
Uncontrolled term ჭანურის გრამატიკული ანალიზი
942 ## - ADDED ENTRY ELEMENTS (KOHA)
Koha item type წიგნი
ეგზემპლარები
Withdrawn status Lost status Damaged status Not for loan Date acquired Barcode Date last seen Price effective from Koha item type
        2018-12-17 46254 2018-12-17 2018-12-17 წიგნი